000 00293nam a2200121Ia 4500
008 220204s9999 xx 000 0 und d
082 _a658.1
_bMYE
100 _aMyer, John N
245 0 _aFinancial statement analysis
250 _a4
260 _aNew Delhi
_bPrentice hall
_c1974
942 _cBK
999 _c23663
_d23663